| 000 | 00410nam a2200181Ia 4500 | ||
|---|---|---|---|
| 005 | 20240823041855.0 | ||
| 008 | 240823s9999||||xx |||||||||||||| ||und|| | ||
| 041 | _aENGLISH | ||
| 082 | _A813.54 M6 | ||
| 100 | _aVladimir Nabokov | ||
| 245 | 0 | _aBend Sinister | |
| 250 | _a1st | ||
| 260 |
_c1986 _b"Penguin Books,En" |
||
| 500 | _aTRANSFERED | ||
| 650 |
_aNovel _bEnglish |
||
| 942 | _cBK | ||
| 999 |
_c206536 _d206536 |
||